000
00313nam a22001457a 4500
008
221107b ||||| |||| 00| 0 eng d
020
_a
2740371150390
041
_a
eng
080
_a
61
082
_a
61 HAL
100
_a
4
101
_a
MJKS
245
_a
DISASTER MENATL HEALTH
_c
HALPERN J
942
_2
udc
_c
BK
999
_c
58769
_d
58769